| 000 | 00529cam a2200169 4500 | ||
|---|---|---|---|
| 001 | CD107056 | ||
| 008 | 000000n 000 0 eng u | ||
| 035 | _a(Sirsi) u107056 | ||
| 245 | _aTolleys Environment Service | ||
| 260 | _bTolleys | ||
| 300 | _a1 CD-Rom | ||
| 520 | _aSearchable CD-Rom version of this looseleaf service covering all aspects of environmental management and environment legislation. | ||
| 650 | _aCD-ROM | ||
| 650 | _aENVIRONMENTAL MANAGEMENT | ||
| 690 | _aENVIRONMENTAL AND LAND CONSULTANCY | ||
| 942 | _n0 | ||
| 999 |
_c85408 _d85408 |
||